LEADER 01656nam a2200337 u 4500 001 000000052495 003 CaOOAMICUS 005 20070226115445.0 008 010309s1999 it u000 u ita u 035 $a10858606 040 $aPUL$bita 100 1 $aSteffan, Mariano.$0(OLS)http://pul/name/37488 245 10$aCurate gli infermi :$bcostanti profetiche tra memoria storica e nuove prospettive nei cappuccini /$cMariano Steffan. 260 $aRomae :$b[s.n.],$c1999. 300 $a221 p. ;$c24 cm 500 $aIn testa al front.: Pontificia Facultas Theologica Teresianum, Institutum Internationale Theologiae Pastoralis Sanitariae - Camillianum. 500 $aIn calce al front.: Pars dissertationis ad lauream. 502 $aDiss. -- Pontificia Facultas theologica Teresianum, 1999. 504 $a"Bibliografia scelta": p. 191-221. 610 24$aCappuccini.$0(OLS)http://pul/subject/970 650 4$aTeologia pastorale sanitaria.$0(OLS)http://pul/subject/18986 650 4$aMalattie$xAspetti morali e religiosi.$0(OLS)http://pul/subject/13246 850 $aPUL 852 $aPUL$W1$xDP1 Tesi Pon. Fac. Teresianum$y48$mTH TER 199$j69404$nBK-PRI$b $qTesi$B69404$CPULBib$Z2$F69404 $82 852 $aPUL$W1$xDP1 Tesi Pon. Fac. Teresianum$y48$mTH TER 183$j188218$nBK-PRI$b $qTesi$B69403$CPULBib$Z2$F69403 $82 941 1 $a16 960 $aFrati minori cappuccini$9970 961 $aINV: 83028 961 $aINV: 84005 996 $6245$aCurate gli infermi :$bcostanti profetiche tra memoria storica e nuove prospettive nei cappuccini$9(OLS)http://pul/title/70407 996 $6260$aRomae :$b[s.n.]$9(OLS)http://pul/publisher/48223 LEADER 01591nam a2200337 u 4500 001 000000041148 003 CaOOAMICUS 005 20150918112346.0 008 981021s1980 it u000 u ita u 020 $a8821176541 035 $a10806120 040 $aBAV$bita$dPUL(R) 100 1 $aAutiero, Antonio,$d1948-$0(OLS)http://pul/name/30305 245 10$aAmore e coniugalità :$bantropologia e teologia del matrimonio in Antonio Rosmini /$cAntonio Autiero ; con presentazione di Clemente Riva. 260 $aTorino :$bMarietti,$cc1980. 300 $a160 p.$c24 cm 490 1 $aCollana teologica 504 $a"Bibliografia": p. 149-154. 600 14$aRosmini Serbati, Antonio,$cb.,$d1797-1855.$0(OLS)http://pul/subject/28 650 4$aMatrimonio$xAspetti morali e religiosi.$0(OLS)http://pul/subject/69 700 1 $aRiva, Clemente,$cvesc. di Atella,$d1922-1999.$0(OLS)http://pul/name/5774 830 0$aCollana teologica (Marietti).$0(OLS)http://pul/title/12304 850 $aPUL 852 $aPUL$W1$xSL Religione 1$y3$m68 E 95$j55787$nBK-PRI$b $qStampati$B55787$CPULBib$Z2$F55787 $H $81 852 $aPUL$W1$xDP1 Fondo S. Lanza$y121$m3 O 55$j168712$qFondi$B169350$CPULBib$Z2$F169350 $HLAN2258 $82 941 1 $a8 941 1 $a1 961 $aINV: 49108 996 $6020$a8821176541$9(OLS)http://pul/number/51216 996 $6245$aAmore e coniugalità :$bantropologia e teologia del matrimonio in Antonio Rosmini$9(OLS)http://pul/title/55533 996 $6260$aTorino :$bMarietti$9(OLS)http://pul/publisher/48186